O universo (Registo nº 3391)

Detalhes MARC
000 -Etiqueta do registo
Cabeçalho 00815nam0a22002771 4500
005 - Identificador da versão
Campo de controlo 20240828164938.0
010 ## - Número internacional normalizado dos livros (ISBN)
Número (ISBN) 9726106338
021 ## - Número do Depósito Legal
Código do país PT
Número 191286/03
100 ## - Dados gerais de processamento
Dados gerais de processamento 20050519d2003 cd y0pory5003 ba
101 1# - Língua de publicação
Língua do texto, banda sonora, etc. Português
Língua do documento no original Francês
102 ## - Pais de publicação ou produção
País de publicação Portugal
105 ## - Campo de dados codificados: livros
Dados codificados dos livros a z 000yy
106 ## - Campo de dados codificados: material textual
Dados codificados do material textual r
200 1# - Titulo e menção de responsabilidade
Título próprio O universo
Primeira menção de responsabilidade il. Anaïs Massini
Outras menções de responsabilidade dir. edit. Françoise Vibert-Guigue
-- trad. Joana Caspurro
205 ## - Menção da edição
Menção da edição 1ª ed
210 ## - Publicação, Distribuição, etc. 
Lugar da edição, distribuição, etc. Porto
Nome do editor, distribuidor, etc. Campo das Letras
Data da publicação, distribuição, etc. 2003
215 ## - Descrição física 
Indicação específica da natureza do documento e extensão da espécie 37 p.
Outras indicações físicas muito il.
Dimensões 20 cm
225 2# - Colecção 
Título próprio da colecção A minha pequena enciclopédia Larousse
Indicação de volume 3
606 ## - Nome comum usado como assunto
Número de registo de entrada de autoridade 0002229
Palavra de ordem Ciências exactas
Subdivisão de assunto Astronomia
675 ## - Classificação Decimal Universal (CDU)
Notação 52
Edição
Língua da edição por
700 #1 - Nome de autor-pessoa física (responsabilidade principal)
Número de registo de entrada de autoridade 0002697
Palavra de ordem Massini
Outra parte do nome não tomada para palavra de ordem Anaïs
702 #1 - Nome de autor-pessoa física (responsabilidade secundária)
Número de registo de entrada de autoridade 0002684
Palavra de ordem Vibert-Guigue
Outra parte do nome não tomada para palavra de ordem Françoise
Código de função Compilador
Número de registo de entrada de autoridade 0001559
Palavra de ordem Caspurro
Outra parte do nome não tomada para palavra de ordem Joana
Código de função Tradutor
942 ## - Elementos de entrada adicionados (Koha)
Tipo de item no Koha Livro
Exemplares
Situação do levantamento Origin of item (home branch) (coded) Biblioteca de empréstimo Código de barras Cota Circulation type (not for loan) Tipo de documento Nota do exemplar Damaged status
  Biblioteca Escolar da Coca Maravilhas Biblioteca Escolar da Coca Maravilhas BECM6955/05 5AST MAS   Livro Sem mensagem